| 000 | 00386nam a2200169Ia 4500 | ||
|---|---|---|---|
| 008 | 230524s9999 xx 000 0 und d | ||
| 020 | _a8123903596 | ||
| 082 |
_a603 _bJAI |
||
| 100 | _aV.K.Jain | ||
| 245 | 2 | _aA Disctionary of Electronics | |
| 250 | _a1ST | ||
| 260 |
_aNEW DELHI _bCBS _c2005 |
||
| 300 | _a448 | ||
| 500 | _aQuantity Number: 2 | ||
| 650 | _aElectronics | ||
| 942 | _cBK | ||
| 999 |
_c430 _d430 |
||